Statistics for Hermione Granger

Click here to take the quiz!

General Stats

  • This quiz has been taken 216 times
  • The average score is 9 of 15

Answer Stats

HintAnswer% Correct
Who she marriedRon Weasley
90%
School she attendedHogwarts
89%
Her parents jobsDentist
88%
House she was sorted intoGryffindor
81%
Full NameHermione Jean Granger
80%
Who she went to the Yule Ball withViktor Krum
79%
Her cats nameCrookshanks
75%
Where she first met Harry and RonHogwarts Express
74%
First childs nameRose
70%
What did Bellatrix engrave in her arm in her 7th yearMudblood
67%
Seconds childs nameHugo
65%
Who is she the godmother ofJames Potter
34%
She attained a high position in (job)The Ministry of Magic
26%
Date of Birth19th September 1979
22%
She republished a translated version ofThe Tales of Beedle the Bard
10%

Score Distribution

Percentile by Number Answered

Percent of People with Each Score

Your Score History

You have not taken this quiz